<?xml version="1.0" encoding="UTF-8"?>
<record
    xmlns:xsi="http://www.w3.org/2001/XMLSchema-instance"
    xsi:schemaLocation="http://www.loc.gov/MARC21/slim http://www.loc.gov/standards/marcxml/schema/MARC21slim.xsd"
    xmlns="http://www.loc.gov/MARC21/slim">

  <leader>00494nam a22001577a 4500</leader>
  <controlfield tag="003">OSt</controlfield>
  <controlfield tag="005">20151116164219.0</controlfield>
  <controlfield tag="008">151116b        xxu||||| |||| 00| 0 eng d</controlfield>
  <datafield tag="040" ind1=" " ind2=" ">
    <subfield code="c">RUA</subfield>
  </datafield>
  <datafield tag="082" ind1=" " ind2=" ">
    <subfield code="a">FIS &#x179F;&#x17C0;&#x1780; 1990 B144 Or.1</subfield>
  </datafield>
  <datafield tag="100" ind1=" " ind2=" ">
    <subfield code="9">3749</subfield>
    <subfield code="a">&#x179F;&#x17C0;&#x1780; &#x179F;&#x17BB;&#x1795;&#x179B;</subfield>
  </datafield>
  <datafield tag="245" ind1=" " ind2=" ">
    <subfield code="a">&#x1780;&#x17B6;&#x179A;&#x1785;&#x17B7;&#x1789;&#x17D2;&#x1785;&#x17B9;&#x1798;&#x1785;&#x17C6;&#x179A;&#x17BB;&#x17C7;&#x178F;&#x17D2;&#x179A;&#x17B8;&#x1780;&#x17B6;&#x1794;&#x179F; &#x1793;&#x17B7;&#x1784;&#x178F;&#x17D2;&#x179A;&#x17B8;&#x1780;&#x17B6;&#x1794;&#x179F;&#x17B6;&#x1798;&#x1789;&#x17D2;&#x1789;</subfield>
  </datafield>
  <datafield tag="260" ind1=" " ind2=" ">
    <subfield code="a">Phnom Penh</subfield>
    <subfield code="b">RUA</subfield>
    <subfield code="c">1990</subfield>
  </datafield>
  <datafield tag="300" ind1=" " ind2=" ">
    <subfield code="a">133p.</subfield>
    <subfield code="b">ill.</subfield>
    <subfield code="c">29cm.</subfield>
  </datafield>
  <datafield tag="942" ind1=" " ind2=" ">
    <subfield code="2">ddc</subfield>
    <subfield code="c">FIS</subfield>
  </datafield>
  <datafield tag="999" ind1=" " ind2=" ">
    <subfield code="c">3488</subfield>
    <subfield code="d">3488</subfield>
  </datafield>
  <datafield tag="952" ind1=" " ind2=" ">
    <subfield code="0">0</subfield>
    <subfield code="1">0</subfield>
    <subfield code="2">ddc</subfield>
    <subfield code="4">0</subfield>
    <subfield code="6">FIS_&#x179F;&#x17C0;&#x1780;_1990_000000000000000_B144_OR_1</subfield>
    <subfield code="7">0</subfield>
    <subfield code="9">16760</subfield>
    <subfield code="a">LBB</subfield>
    <subfield code="b">LBB</subfield>
    <subfield code="c">B144</subfield>
    <subfield code="d">2015-11-16</subfield>
    <subfield code="o">FIS &#x179F;&#x17C0;&#x1780; 1990 B144 Or.1</subfield>
    <subfield code="p">RUA021070</subfield>
    <subfield code="r">2015-11-16</subfield>
    <subfield code="w">2015-11-16</subfield>
    <subfield code="y">FIS</subfield>
  </datafield>
</record>
